Một thế giới không có đàn bà : (Tiểu thuyết)

Đã lưu trong:
Sonraí Bibleagrafaíochta
Príomhúdar: Bùi, Anh Tấn
Formáid: Leabhar
Teanga:Undetermined
Foilsithe: Hà Nội Công an nhân dân 2004
Ábhair:
Clibeanna: Cuir Clib Leis
Gan Chlibeanna, Bí ar an gcéad duine leis an taifead seo a chlibeáil!
Thư viện lưu trữ: Trung tâm Học liệu Trường Đại học Cần Thơ
LEADER 00602nam a2200217Ia 4500
001 CTU_93987
008 210402s9999 xx 000 0 und d
020 |c 52000 
082 |a 895.92234 
082 |b T121 
100 |a Bùi, Anh Tấn 
245 0 |a Một thế giới không có đàn bà : 
245 0 |b (Tiểu thuyết) 
245 0 |c Bùi Anh Tấn 
260 |a Hà Nội 
260 |b Công an nhân dân 
260 |c 2004 
650 |a Vietnamese fiction 
650 |y 21st century 
904 |i Minh 
980 |a Trung tâm Học liệu Trường Đại học Cần Thơ